| 000 | 00793nam a22002295i 4500 | ||
|---|---|---|---|
| 001 | 167670 | ||
| 003 | ES-MaACL | ||
| 005 | 20250927102627.0 | ||
| 008 | 000209s1858 fr |||| | fre d | ||
| 040 |
_aCCPB | B _bspa _cCCPB | B |
||
| 245 | 0 | 3 |
_aLe violier des histoire romaines _b: ancienne traduction française des Gesta Romanorum. |
| 250 |
_aNouvelle éd. rev. et anot. _bpar G. Brunet. |
||
| 260 |
_aParis : _bP. Jannet, _c1858 ( _fGuiraudet et Jouaust) |
||
| 300 |
_aXL, 439 p. ; _c17 cm. |
||
| 490 | 1 | _aBibliothèque Elzevirienne | |
| 630 | 0 | 4 |
_aGesta romanorum. _9155695 |
| 700 | 1 |
_aBrunet, Pierre-Gustave, _d1805-1896 _932158 |
|
| 830 | 0 |
_aBibliothèque Elzevirienne _9180979 |
|
| 852 |
_aES-MaACL _jG-2415 _z-- Enc. tela |
||
| 999 |
_c167670 _d167670 |
||